000 00331nam a2200109Ia 4500
008 171211s9999 xx 000 0 und d
245 _aCentOS 7 Linux Server Cookbook - Second Edition
245 _cJonathan Hobson and Oliver Pelz
260 _c2016
650 _xSOFTWARE
856 _uhttp://down.ebook777.com/063/9781785887284.pdf
999 _c349310
_d349310